000 00478nam a22001697a 4500
005 20231113074345.0
008 231113b |||||||| |||| 00| 0 eng d
020 _a0797014594
041 _aAfrikaans
082 _a346 SOU
100 _lAfrikaans
245 _aSuid Afrikaanse Regskommissie: Beskerming Van 'n Koper Van Effekte
260 _c1987
300 _bxiv, 118 pages ;
_c30,5 cm.
650 _aLegal practice
_bLaw
942 _cBK
_6ALISON_BN_VRIES
999 _c546
_d546